LEADER 01198nam a2200289 a 4500 001 000000133665 003 CaOOAMICUS 005 20130424101304.0 008 130424s2010 gw 000 u ger r 020 $a978-3-608-94452-5 040 $aPUL$bita 082 04$a211 100 1 $aSpaemann, Robert,$d1927-$0(OLS)http://pul/name/15909 245 14$aDas unsterbliche Gerücht :$bdie Frage nach Gott und die Täuschung der Moderne /$cRobert Spaemann. 250 $a6. Aufl. 260 $aStuttgart :$bKlett-Cotta,$c2010. 300 $a263 p. ;$c18 cm. 504 $aInclude referenze bibliografiche. 650 4$aFilosofia e religione$ySec. XX.$0(OLS)http://pul/subject/27722 850 $aPUL 852 $aPUL$W1$xSL Religione 3$y85$m211 SPARO 3$j153634$qDDC 21$B153198$CPULBib$Z2$F153198 $H122189 $82 941 1 $a9 996 $6020$a978-3-608-94452-5$9(OLS)http://pul/number/152527 996 $6082$a211$9(OLS)http://pul/classification/2257 996 $6245$aDas unsterbliche Gerücht :$bdie Frage nach Gott und die Täuschung der Moderne$9(OLS)http://pul/title/168956 996 $6260$aStuttgart :$bKlett-Cotta$9(OLS)http://pul/publisher/60414 LEADER 01402nam a2200313 u 4500 001 000000021309 003 CaOOAMICUS 005 20070226111010.0 008 950209s1976 it u000 u ita u 035 $a10525881 040 $aPUL$bita 100 1 $aMoltmann, Jürgen,$d1926-2024.$0(OLS)http://pul/name/12676 240 10$aKirche in der Kraft des Geistes. Ein Beitrag zur messianischen Ekklesiologie$9(Moltmann, Jürgen, 1926- ).$lItaliano.$0(OLS)http://pul/title/29851 245 13$aLa Chiesa nella forza dello Spirito:$bcontributo per una ecclesiologia messianica. 260 $aBrescia :$bQueriniana,$c1976. 300 $a475, [4] p. ;$c23 cm 490 1 $aBiblioteca di teologia contemporanea ;$v28 500 $aComprende indici 504 $aBibliografia in nota a piè di pagina 650 4$aMessianismo.$0(OLS)http://pul/subject/3197 650 4$aChiesa.$0(OLS)http://pul/subject/2116 830 0$aBiblioteca di teologia contemporanea ;$v28.$0(OLS)http://pul/title/7472 850 $aPUL 852 $aPUL$W1$xSL Religione 3$y85$m200 BTC 1.28$j29905$nBK-PRI$b $qDDC 21$B29905$CPULBib$Z2$F29905 $82 941 1 $a9 961 $aINV: 43937 -- ordinario 983 0$aBTC. 996 $6245$aLa Chiesa nella forza dello Spirito: :$bcontributo per una ecclesiologia messianica$9(OLS)http://pul/title/29852 996 $6260$aBrescia :$bQueriniana$9(OLS)http://pul/publisher/47906